000 00815cam a22002773a 4500
001 8991
003 PGUSA
005 20140828083207.0
008 050901s2005||||xxu|||||s|||||000 1 eng d
040 _aPGUSA
_beng
042 _adc
050 4 _aPQ
100 1 _aVerne, Jules,
_d1828-1905
245 1 4 _aThe Fur Country :
_bOr, Seventy Degrees North Latitude
_h[electronic resource] /
_cJules Verne
260 _bProject Gutenberg,
_c2005
506 _aPublic domain in the USA.
516 _aElectronic text
653 _aFur traders -- Fiction
653 _aEarthquakes -- Fiction
653 _aSurvival -- Fiction
653 _aNorthwest Territories -- Fiction
700 1 _aD'Anvers, N.,
_d-1933
830 0 _aProject Gutenberg
_v8991
856 4 0 _uhttp://www.gutenberg.org/ebooks/8991
942 _cEB
999 _c238275
_d238275